Les volontaires de 1814 (Record no. 165140)

MARC details
000 -LEADER
campo de control de longitud fija 00758nam a22001815i 4500
001 - NÚMERO DE CONTROL
campo de control 165140
003 - IDENTIFICADOR DE NÚMERO DE CONTROL
campo de control ES-MaACL
005 - FECHA Y HORA DE LA ÚLTIMA TRANSACCIÓN
campo de control 20230906213056.0
008 - DATOS DE LONGITUD FIJA--INFORMACIÓN GENERAL
campo de control de longitud fija 050816s1862 fr | |||||||| ||fre d
040 ## - FUENTE DE CATALOGACIÓN
Centro catalogador/agencia de origen CAM
Lengua de catalogación spa
Centro/agencia transcriptor CAM
100 1# - ENTRADA PRINCIPAL--NOMBRE DE PERSONA
Nombre de persona Sejour, Victor.
9 (RLIN) 224146
245 14 - MENCIÓN DEL TÍTULO
Título Les volontaires de 1814
Resto del título : drame en cinq actes et quatorze tableaux /
Mención de responsabilidad, etc. par Victor Séjour.
260 ## - PUBLICACIÓN, DISTRIBUCIÓN, ETC.
Lugar de publicación, distribución, etc. Paris :
Nombre del editor, distribuidor, etc. Michel Lévy frères libraires èditeurs,
Fecha de publicación, distribución, etc. 1862 (
Fabricante Imp. de Pillet fils ainé)
300 ## - DESCRIPCIÓN FÍSICA
Extensión 130 p. ;
Dimensiones 19 cm.
500 ## - NOTA GENERAL
Nota general Représenté pour la première fois à Paris, sur le théâtre de la Porte Saint-Martin, le 22 avril 1862.
852 ## - LOCALIZACIÓN
Ubicación ES-MaACL
Número de control de estantería T-725-F-4
Nota libre -- Enc. hol. conservando la cub. original
-- -- Enc. en un vol. facticio
Holdings
Estatus retirado Estado de pérdida Estado de daño No para préstamo Colección Biblioteca de origen Biblioteca actual Ubicación en estantería Fecha de adquisición Total de préstamos Signatura topográfica completa Código de barras Visto por última vez Precio de reemplazo Tipo de ítem Koha
        Colección de folletos Biblioteca del Ateneo de Madrid Biblioteca del Ateneo de Madrid Depósito folletos 17/01/2008   T-725-F-4 1173154 23/02/2023 23/02/2023 Folleto